<The> Analysis of Relationships among the Total Productivity, Profitability and Economic Value Added

Analytické metódy dosiahnutej úrovne produktivity. Celkový model produktivity. Nulový bod celkovej produktivity. Rentabilita. Dupontova tabuľka rentability. Cesty zvyšovania rentability. PIMPS - Profit impact of market strategy. Rentabilita a nulový bod celkovej produktivity. Ekonomická pridaná hodn...

Ausführliche Beschreibung

Gespeichert in:
Bibliographische Detailangaben
1. Verfasser: Gregor, Milan
Weitere Verfasser: Ferencz, Vojtech, Gregorová, Stela
Format: Buchkapitel
Sprache:Englisch
Schlagworte:
Tags: Tag hinzufügen
Keine Tags, Fügen Sie das erste Tag hinzu!

MARC

LEADER 00000naa$a2200000$$$4500
001 0114588
005 20230623130051.0
041 0 |a eng 
044 |a PL 
245 1 0 |a <The> Analysis of Relationships among the Total Productivity, Profitability and Economic Value Added  |c Milan Gregor, Vojtech Ferencz, Stela Gregorová 
520 |a Analytické metódy dosiahnutej úrovne produktivity. Celkový model produktivity. Nulový bod celkovej produktivity. Rentabilita. Dupontova tabuľka rentability. Cesty zvyšovania rentability. PIMPS - Profit impact of market strategy. Rentabilita a nulový bod celkovej produktivity. Ekonomická pridaná hodnota (EVA - Economic value added). Vzťah medzi EVA a celkovou produktivitou. 
610 2 0 |a produktivita 
610 2 0 |a rentabilita 
610 2 0 |a hodnota pridaná ekonomická 
610 2 0 |a ukazovateľ EVA 
610 2 0 |a analýzy 
610 2 0 |a metódy 
610 2 0 |a modely 
610 2 0 |a break even point 
610 2 0 |a zisk 
100 1 |a Gregor, Milan 
700 1 |a Ferencz, Vojtech 
700 1 |a Gregorová, Stela